000 00654nam a2200277Ia 4500
005 20260324115209.0
008 008 260324s9999 xx 000 0 eng d
020 _a9781315181028
037 _aEBOOK
040 _aCRL
040 _beng
040 _cCRL
041 _2eng
041 _aeng
084 _qCRL
100 _aCesar Ovalles
_91153738
245 0 _aSubsurface Upgrading of Heavy Crude Oils and Bitumen
260 _bTaylor and Francis
260 _c2019
365 _a
365 _b370
856 _uhttp://www.taylorfrancis.com/books/9781315181028
942 _cEBOOK
999 _c1744441
_d1744441